| 000 | 00495nam a2200169 i 4500 | ||
|---|---|---|---|
| 001 | 75447 | ||
| 003 | ES-MaACL | ||
| 005 | 20240508063036.0 | ||
| 007 | t| | ||
| 008 | 040924s1961 sp ||||1| spa d | ||
| 100 | 1 |
_aGoytisolo, José Agustín, _d1928- _959420 |
|
| 245 | 1 | 0 |
_aAños decisivos _b: poesía 1954-1960 / _cJosé Agustín Goytisolo. |
| 260 |
_a[Madrid : _bSalinas, _c1961] |
||
| 300 |
_a133 p. ; _c18 cm. |
||
| 852 |
_aES-MaACL _jC-21101 _bR.49591 |
||
| 999 |
_c75447 _d75447 |
||